Mariyamma (മറിയാമ്മ) (Record no. 114650)

MARC details
000 -LEADER
fixed length control field 00449 a2200157 4500
005 - DATE AND TIME OF LATEST TRANSACTION
control field 20250718105012.0
008 - FIXED-LENGTH DATA ELEMENTS--GENERAL INFORMATION
fixed length control field 250621b |||||||| |||| 00| 0 eng d
020 ## - INTERNATIONAL STANDARD BOOK NUMBER
International Standard Book Number 9789384795214
080 ## - UNIVERSAL DECIMAL CLASSIFICATION NUMBER
Universal Decimal Classification number 89M-2
Item number KOC/M
100 ## - MAIN ENTRY--PERSONAL NAME
Personal name Kocheeppen Tharakan, Polachirackal
245 ## - TITLE STATEMENT
Title Mariyamma (മറിയാമ്മ)
260 ## - PUBLICATION, DISTRIBUTION, ETC. (IMPRINT)
Name of publisher, distributor, etc Maluben publishers
Place of publication, distribution, etc Thiruvananthapuram
Date of publication, distribution, etc 2021
300 ## - PHYSICAL DESCRIPTION
Extent 168p.
653 ## - INDEX TERM--UNCONTROLLED
Uncontrolled term Drama - Malayalam Literature
942 ## - ADDED ENTRY ELEMENTS (KOHA)
item type Books
Holdings
Lost status Source of classification or shelving scheme Not for loan Home library Current library Date acquired Cost, normal purchase price Total Checkouts Full call number Barcode Date last seen Cost, replacement price Price effective from Koha item type Public note
  Universal Decimal Classification Ordered University Library University Library 11/03/2025 133.34   89M-2 KOC/M 00097010 11/03/2025 200.00 11/03/2025 Books Processing
University Library, CUSAT